Exploring digital prepress

Bibliographic Details
Main Author: Anderson, Reid
Format: Book
Published: Clifton Park , NY. : Thomson Delmar Learning , 2007
Series:Design exploration series
Subjects:

MARC

LEADER 00000cam a2200000 7i4500
001 0000020651
005 20071031.0
020 |a 141801236X 
040 |a INS 
090 0 0 |a CD 300 
100 1 |a Anderson, Reid 
245 1 0 |a Exploring digital prepress   |c Reid Anderson [  |h electronic resources] 
260 |a Clifton Park , NY. :   |b Thomson Delmar Learning ,   |c 2007 
300 |a 1 computer optical disc :   |b col. ;   |c 3 3/4 in. 
440 0 |a Design exploration series 
500 |a Includes index 
650 0 0 |a Digital printing presses 
650 0 0 |a Electronics in printing 
650 0 0 |a Printing   |z United States   |x Data processing 
999 |a CD00000300   |b CD-ROM   |c Media Collection   |e Default branch